000 00566nam a22002057a 4500
003 BUBTL
008 210812b xxu||||| |||| 00| 0 eng d
020 _a978110845828
082 _a341 / Sh261i
100 _94126
_a Shaw, Malcolm N.
245 _aInternational law /
_cMalcolm N. Shaw
250 _a8th edn.
260 _aIndia :
_bCambridge University Press,
_cc2017.
300 _alxxxviii, 1033 p. :
_c21 cm.
500 _aIncludes Index
650 0 _926
_aLaw
856 _k0
_l0
_yDownload
942 _2ddc
_cBK
999 _c6511
_d6511